Normal view MARC view

Entry Uniform Title

Number of records used in: 2

001 - CONTROL NUMBER

  • control field: 45878

003 - CONTROL NUMBER IDENTIFIER

  • control field: dpl

005 - DATE AND TIME OF LATEST TRANSACTION

  • control field: 20120427111530.0

008 - FIXED-LENGTH DATA ELEMENTS

  • fixed length control field: 120427|||a|||||| | ||| d

040 ## - CATALOGING SOURCE

  • Original cataloging agency: dpl
  • Transcribing agency: dpl

130 ## - HEADING--UNIFORM TITLE

  • Uniform title:

670 ## - SOURCE DATA FOUND

  • Source citation: Work cat.: (dpl): तिवारी, देवेन्द्र भूषण 45877, हमारे व्रत और त्यौहार /, 1998

670 ## - SOURCE DATA FOUND

  • Source citation: Work cat.: (dpl): तिवारी, देवेन्द्र भूषण 45877, हमारे व्रत और त्यौहार /, 1998

© Delhi Public Library
Hit Counter
free hit counter